Catálogo

ISABEL LA CRUZADA (Registro nro. 18962)

Detalles MARC
000 -LEADER
fixed length control field 00414nam a2200169 a 4500
001 - CONTROL NUMBER
control field 18962
005 - DATE AND TIME OF LATEST TRANSACTION
control field 20180713212333.0
008 - FIXED-LENGTH DATA ELEMENTS--GENERAL INFORMATION
fixed length control field 140415s1945 000 0 spa d
041 ## - LANGUAGE CODE
Language code of text/sound track or separate title spa
082 ## - DEWEY DECIMAL CLASSIFICATION NUMBER
Classification number 946.03
Item number WAL
100 1# - MAIN ENTRY--PERSONAL NAME
Personal name WALSH, W. T.
245 10 - TITLE STATEMENT
Title ISABEL LA CRUZADA
260 ## - PUBLICATION, DISTRIBUTION, ETC.
Place of publication, distribution, etc. [s.l.] :
Name of publisher, distributor, etc. ESPASA-CALPE,
Date of publication, distribution, etc. 1945
300 ## - PHYSICAL DESCRIPTION
Extent 230
490 ## - SERIES STATEMENT
Series statement AUSTRAL
Volume/sequential designation 504
650 14 - SUBJECT ADDED ENTRY--TOPICAL TERM
Topical term or geographic name entry element ESPAA
General subdivision HISTORIA
Existencias
Withdrawn status Lost status Source of classification or shelving scheme Damaged status Not for loan Collection code Home library Current library Shelving location Date acquired Source of acquisition Inventory number Total Checkouts Full call number Barcode Date last seen Date last checked out Price effective from Koha item type
    Dewey Decimal Classification     General Biblioteca Karol Wojtyla Biblioteca Karol Wojtyla Sala general 03/12/2013 Compra 151000000000000000035899   946.03 WAL 38397 05/01/2026 22/11/2017 03/12/2013 Libro